Ty si pekný, ty si ju vezmi!...

Bibliographic Details
Main Author: Čeretková-Gállová, Marína, 1931-2017 (Author)
Format: Article
Language:Slovak

MARC

LEADER 00000nab a2200000ua 4500
001 vtls010761297
003 SK-MaSNL
005 20260304202113.0
008 250718s1972 xo |||||||||||||||||slo|
035 |a (urnnbn)urn:nbn:sk:snk:ar-a00icr 
035 |a (uuid)9a35ff6a-2967-4bdd-92e4-9c715391a58c 
035 |a urn:nbn:sk:snk-ab4900 
040 |a SNKBUCL  |b slo  |c SNKBUCL  |e AACR2 
041 0 |a slo 
044 |a xo  |c SK 
100 1 |a Čeretková-Gállová, Marína,  |d 1931-2017  |4 aut  |9 5140 
245 1 0 |a Ty si pekný, ty si ju vezmi!...  |c Marína Čeretková 
773 0 |t Film a divadlo  |g Roč. 16, č. 16 (1972), s. 18-21 
850 |a Slovenská národná knižnica 
852 |a Slovenská národná knižnica 
954 |a odborná, vedecká literatúra pôvodná (slovenská)  |2 lita 
958 |a article3 
958 |a OND 
958 |a EUIPO 
999 |c 3100511  |d 3102441